Visualizzazione normale
Vista MARC
- Valle Luciano
di Personal Name
Records bibliografici associati: 1
001 - CONTROL NUMBER
- control field: 49601
003 - CONTROL NUMBER IDENTIFIER
- control field: IT-RoPau
005 - DATE AND TIME OF LATEST TRANSACTION
- control field: 20151202093004.0
008 - FIXED-LENGTH DATA ELEMENTS
- fixed length control field: 151202|| aca||aabn | a|a d
040 ## - CATALOGING SOURCE
- Original cataloging agency: IT-RoPau
- Transcribing agency: IT-RoPau
100 ## - HEADING--PERSONAL NAME
- Personal name: Valle Luciano
- Relator term: (soggetto)
- Miscellaneous information: Codice Soggetto 2° SPICS: 38696
670 ## - SOURCE DATA FOUND
- Source citation: Work cat.: (IT-RoPau)106947: Chaplin Charlie (Charlot) Codice regista SPICS: 8134 49595, UN MARE DI GUAI UN MARE DI GUAI (Rif. Codice opera principale : V0746)